000 00802nam a2200253 i 4500
001 bg
100 1 _aJędrusik, Maria.
245 1 0 _aElektrofiltry :
_brozwinięcie wybranych technik podwyższania skuteczności odpylania /
_cMaria Jędrusik.
260 _aWrocław :
_bOficyna Wydawnicza Politechniki Wrocławskiej,
_c2008.
300 _a105 s. :
_bil. (w tym kolor.) ;
_c24 cm.
504 _aBibliogr. s. 99-105.
650 9 _aElektrofiltry
_xbudowa i konstrukcje
650 9 _aGazy odlotowe
_xunieszkodliwianie
650 9 _aPył
_xunieszkodliwianie
015 _aPB 19252/2008
020 _a9788374933872
040 _cBPK
041 _apol
044 _aPOL
080 _a628.5:551.51:66.07
920 _a978-83-7493-387-2
942 _cKS
008 090803s2008 pl a |000 0 pol
999 _c56570
_d56570
856 _uhttp://koha.tu.koszalin.pl/cgi-bin/koha/opac-detail.pl?biblionumber=56570
_yKatalog online BPK